|
|
|
|
| LEADER |
02418nam a2200685 i 4500 |
| 001 |
nkc20162786881 |
| 003 |
CZ PrNK |
| 005 |
20160609074634.0 |
| 007 |
ta |
| 008 |
160330s2016 xr e 000 0 cze |
| 015 |
|
|
|a cnb002786881
|
| 020 |
|
|
|a 978-80-905948-7-6
|q (brožováno)
|
| 035 |
|
|
|a (OCoLC)953515256
|
| 040 |
|
|
|a BOA001
|b cze
|e rda
|
| 045 |
|
|
|a y-y-
|
| 072 |
|
7 |
|a 271/279
|x Křesťanské církve, sekty, denominace
|2 Konspekt
|9 5
|
| 080 |
|
|
|a 271.2
|2 MRF
|
| 080 |
|
|
|a 271.2-1/-9
|2 MRF
|
| 080 |
|
|
|a 272
|2 MRF
|
| 080 |
|
|
|a 272-1/-9
|2 MRF
|
| 080 |
|
|
|a 27-285.4
|2 MRF
|
| 080 |
|
|
|a 27-67
|2 MRF
|
| 080 |
|
|
|a 2-675
|2 MRF
|
| 080 |
|
|
|a 2-67
|2 MRF
|
| 080 |
|
|
|a (049)
|2 MRF
|
| 100 |
1 |
|
|a Hučko, Ladislav,
|d 1948-2025
|7 uk2005277748
|4 aut
|
| 245 |
1 |
0 |
|a Námitky a odpovědi :
|b pokus o dialog /
|c Ladislav Hučko
|
| 246 |
3 |
0 |
|a Pokus o dialog
|
| 250 |
|
|
|a Druhé, doplněné vydání
|
| 264 |
|
1 |
|a Praha :
|b Apoštolský exarchát řeckokatolické církve,
|c 2016
|
| 300 |
|
|
|a 89 stran ;
|c 21 cm
|
| 336 |
|
|
|a text
|b txt
|2 rdacontent
|
| 337 |
|
|
|a bez média
|b n
|2 rdamedia
|
| 338 |
|
|
|a svazek
|b nc
|2 rdacarrier
|
| 500 |
|
|
|a 50 výtisků
|
| 504 |
|
|
|a Obsahuje bibliografické odkazy
|
| 648 |
|
7 |
|a 21. století
|7 ch460559
|2 czenas
|
| 650 |
0 |
7 |
|a pravoslaví
|7 ph115880
|2 czenas
|
| 650 |
0 |
7 |
|a pravoslavné učení
|7 ph307585
|2 czenas
|
| 650 |
0 |
7 |
|a katolicismus
|7 ph121523
|2 czenas
|
| 650 |
0 |
7 |
|a učení katolické církve
|7 ph135482
|2 czenas
|
| 650 |
0 |
7 |
|a křesťanské polemiky
|7 ph138482
|y 21. století
|2 czenas
|
| 650 |
0 |
7 |
|a interkonfesijní vztahy
|7 ph164202
|y 21. století
|2 czenas
|
| 650 |
0 |
7 |
|a ekumenismus
|7 ph119842
|y 21. století
|2 czenas
|
| 650 |
0 |
7 |
|a mezináboženský dialog
|7 ph138524
|y 21. století
|2 czenas
|
| 650 |
0 |
9 |
|a Orthodoxy
|2 eczenas
|
| 650 |
0 |
9 |
|a Orthodox doctrine
|2 eczenas
|
| 650 |
0 |
9 |
|a Catholicism
|2 eczenas
|
| 650 |
0 |
9 |
|a Catholic doctrine
|2 eczenas
|
| 650 |
0 |
9 |
|a Christian polemics
|y 21st century
|2 eczenas
|
| 650 |
0 |
9 |
|a interconfessional connections
|y 21st century
|2 eczenas
|
| 650 |
0 |
9 |
|a ecumenical movement
|y 21st century
|2 eczenas
|
| 650 |
0 |
9 |
|a interreligious dialogue
|y 21st century
|2 eczenas
|
| 655 |
|
7 |
|a pojednání
|7 fd133056
|2 czenas
|
| 655 |
|
9 |
|a essays
|2 eczenas
|
| 910 |
2 |
|
|a BOA001
|b 2-1367.185
|
| 990 |
|
|
|a BK
|
| 995 |
|
|
|a 01
|
| 991 |
|
|
|b 201605
|c NOV
|
| 996 |
6 |
|
|b 2610669367
|c 2-1367.185
|l MZK
|r Sklad / do 1 hodiny
|n 0
|p p.v.
|w 001558628
|u 000010
|a 1
|e BOA001
|j MZK50
|s P
|